Länder Südamerikas Sudden death - Statistiken

Allgemein
  • Dieses Quiz wurde 76 mal gespielt
  • Das Durchschnittsergebnis liegt bei 11 aus 12
Answers on the Grid
Answers color-coded by a green-red scale on the quiz's grid according to % correct below.
Venezuela
Uruguay
Uganda
Tschad
Suriname
Spanien
Somalia
Peru
Paraguay
Norwegen
Neuseeland
Nauru
Mexiko
Kolumbien
Jemen
Israel
Indien
Guyana
Grenada
Frankreich
Elfenbeinküste
Ecuador
Deutschland
Costa rica
China
Chile
Brasilien
Bolivien
Australien
Argentinien
 
Antwortstatistiken
Antwort % Korrekt
Brasilien
91%
Ecuador
91%
Kolumbien
91%
Uruguay
91%
Argentinien
89%
Bolivien
89%
Paraguay
89%
Peru
89%
Venezuela
89%
Chile
88%
Guyana
82%
Suriname
82%
Keine übereinstimmenden Quizze gefunden
Verteilung der Resultate
Anzahl Personen mit jedem Resultat
Perzentil nach korrekt beantworteten Fragen
Ihre Resultats-Entwicklung
Sie haben dieses Quiz noch nicht gespielt